[Event "TCh-FRA Top 12 2016"]
[Site "Drancy FRA"]
[Date "2016.05.31"]
[Round "4.2"]
[Board "8"]
[White "Roumegous, Marina"]
[Black "Congiu, Mathilde"]
[Result "1/2-1/2"]
[WhiteTitle "WIM"]
[BlackTitle "WIM"]
[WhiteElo "2117"]
[BlackElo "2267"]
[WhiteTeam "Cavalier Bleu DRANCY"]
[BlackTeam "C.E. de BOIS COLOMBES"]
[WhiteFideId "620416"]
[BlackFideId "634581"]
[EventDate "2016.05.28"]

1. d4 Nf6 2. Nf3 g6 3. c4 Bg7 4. Nc3 O-O 5. e4 d6 6. Be2 Nbd7 7. O-O e5 8. d5 a5
9. Ne1 Nc5 10. Qc2 Nfd7 11. Kh1 f5 12. exf5 gxf5 13. f4 Nf6 14. Nd3 Ng4 15. Nxc5
dxc5 16. g3 Qe7 17. h3 Nf6 18. fxe5 Qxe5 19. Bf4 Qe7 20. Nb5 Ne8 21. Bf3 Nd6 22.
Rae1 Qd8 23. Re2 Re8 24. Rfe1 Rxe2 25. Rxe2 Bf8 26. a4 Bd7 27. Qd3 Rc8 28. b3
Qf6 29. Be5 Qh6 30. Bf4 Qf6 31. Kg2 Nxb5 32. axb5 Bd6 33. Qd2 b6 34. Bh5 Qg7 35.
Qe3 Bxf4 36. Qxf4 Qf6 37. g4 Rf8 38. g5 Qd8 39. h4 Be8 40. Bf3 Qd7 41. Re6 Qg7
42. Re5 Bd7 43. Bh5 a4 44. bxa4 Ra8 45. Bd1 h6 46. Kf2 hxg5 47. Qxg5 Qxg5 48.
hxg5 Kf7 49. Bh5+ Kf8 50. g6 f4 51. Bd1 Rd8 52. Kf3 Kg7 53. Bc2 Kf6 54. Kxf4 Rh8
55. g7 Rh4+ 56. Kf3 Rg4 57. Rh5 Rxg7 58. Rh4 Ke5 59. Re4+ Kf6 60. Bd3 Re7 61.
Rf4+ Ke5 62. Bg6 Rg7 63. Re4+ Kd6 64. Be8 Bf5 65. Rh4 Rh7 66. Rxh7 Bxh7 67. Ke3
Bc2 1/2-1/2

[Event "TCh-FRA Top 12 2016"]
[Site "Drancy FRA"]
[Date "2016.05.31"]
[Round "4.3"]
[Board "1"]
[White "Naiditsch, Arkadij"]
[Black "Bailet, Pierre"]
[Result "1-0"]
[WhiteTitle "GM"]
[BlackTitle "IM"]
[WhiteElo "2663"]
[BlackElo "2499"]
[WhiteTeam "BISCHWILLER"]
[BlackTeam "VANDOEUVRE Echecs"]
[WhiteFideId "4650891"]
[BlackFideId "655830"]
[EventDate "2016.05.28"]

1. e4 c5 2. Nf3 Nc6 3. Bb5 d6 4. O-O Bd7 5. Re1 Nf6 6. c3 a6 7. Bf1 Bg4 8. h3
Bh5 9. g4 Bg6 10. d4 e5 11. dxe5 dxe5 12. Qxd8+ Rxd8 13. Nbd2 Be7 14. Nh4 Nd7
15. Nf5 Bxf5 16. exf5 Bg5 17. Bg2 Ndb8 18. Nc4 Bxc1 19. Nxe5 O-O 20. Raxc1 Rd2
21. Nc4 Rd3 22. a4 b5 23. Nb6 Rd2 24. axb5 axb5 25. b3 Rfd8 26. Ra1 b4 27. cxb4
Nxb4 28. Ra8 Kf8 29. Re5 N8a6 30. Ra7 Re8 31. Rxe8+ Kxe8 32. Bf1 1-0

[Event "TCh-FRA Top 12 2016"]
[Site "Drancy FRA"]
[Date "2016.05.31"]
[Round "4.3"]
[Board "2"]
[White "Donchenko, Alexander"]
[Black "Rodshtein, Maxim"]
[Result "1/2-1/2"]
[WhiteTitle "GM"]
[BlackTitle "GM"]
[WhiteElo "2569"]
[BlackElo "2689"]
[WhiteTeam "VANDOEUVRE Echecs"]
[BlackTeam "BISCHWILLER"]
[WhiteFideId "24603295"]
[BlackFideId "2806851"]
[EventDate "2016.05.28"]

1. Nf3 d5 2. d4 Nf6 3. c4 e6 4. g3 Bb4+ 5. Bd2 Bd6 6. Nc3 O-O 7. Bg5 c6 8. Bg2
h6 9. Bxf6 Qxf6 10. O-O Bc7 11. Qb3 Nd7 12. Rac1 dxc4 13. Qxc4 Qe7 14. e4 Rd8
15. Rfd1 Nb6 16. Qb3 e5 17. d5 cxd5 18. exd5 Bg4 19. Nb5 1/2-1/2

[Event "TCh-FRA Top 12 2016"]
[Site "Drancy FRA"]
[Date "2016.05.31"]
[Round "4.3"]
[Board "3"]
[White "Bacrot, Etienne"]
[Black "Solodovnichenko, Yuri"]
[Result "1/2-1/2"]
[WhiteTitle "GM"]
[BlackTitle "GM"]
[WhiteElo "2702"]
[BlackElo "2587"]
[WhiteTeam "BISCHWILLER"]
[BlackTeam "VANDOEUVRE Echecs"]
[WhiteFideId "605506"]
[BlackFideId "14104369"]
[EventDate "2016.05.28"]

1. e4 c5 2. Nf3 d6 3. d4 Nf6 4. Nc3 cxd4 5. Nxd4 a6 6. h3 e6 7. g4 h6 8. Bg2 Be7
9. Be3 Nc6 10. f4 Nd7 11. O-O O-O 12. Nce2 Qc7 13. Qd2 Nxd4 14. Nxd4 Re8 15.
Rac1 Bf8 16. c4 b6 17. Ne2 Bb7 18. Ng3 Rac8 19. h4 Qb8 20. g5 hxg5 21. hxg5 g6
22. Nh1 b5 23. b3 bxc4 24. bxc4 Qa8 25. Nf2 f5 26. gxf6 Nxf6 27. Rb1 e5 28. c5
exf4 29. Bxf4 Nxe4 30. Nxe4 Bxe4 31. cxd6 Rcd8 32. Bxe4 Rxe4 33. Qf2 Rd7 34.
Rbd1 Rf7 35. Qg3 Qa7+ 36. Kg2 Qb7 37. Kg1 Qb6+ 38. Kh1 Re2 39. Qb3 Qc6+ 40. Qd5
Qxd5+ 41. Rxd5 Re4 42. d7 Be7 43. d8=Q+ Bxd8 44. Rxd8+ Kh7 45. Ra8 Rexf4 1/2-1/2

[Event "TCh-FRA Top 12 2016"]
[Site "Drancy FRA"]
[Date "2016.05.31"]
[Round "4.3"]
[Board "4"]
[White "Philippe, Christophe"]
[Black "Edouard, Romain"]
[Result "0-1"]
[WhiteTitle "IM"]
[BlackTitle "GM"]
[WhiteElo "2386"]
[BlackElo "2641"]
[WhiteTeam "VANDOEUVRE Echecs"]
[BlackTeam "BISCHWILLER"]
[WhiteFideId "610038"]
[BlackFideId "633429"]
[EventDate "2016.05.28"]

1. e4 c5 2. Nf3 d6 3. d4 cxd4 4. Nxd4 Nf6 5. Nc3 g6 6. Bc4 Bg7 7. O-O O-O 8. Re1
Nc6 9. Bb3 Bd7 10. Bg5 h6 11. Bh4 Nxd4 12. Qxd4 g5 13. Bg3 Nh5 14. Qe3 Nxg3 15.
hxg3 e6 16. Rad1 Bc6 17. Rd3 Qe7 18. Red1 Rfd8 19. g4 b5 20. a3 Rab8 21. g3 a5
22. Qe1 b4 23. axb4 Rxb4 24. Ra1 a4 25. Nxa4 Rxe4 26. Re3 Rxe3 27. Qxe3 Ra8 28.
Ra2 Ra6 29. Nc3 Rxa2 30. Nxa2 Bxb2 31. Nb4 Ba8 32. c3 Qb7 33. Kf1 Bc1 34. Qd3
Qh1+ 35. Ke2 Bg2 0-1

[Event "TCh-FRA Top 12 2016"]
[Site "Drancy FRA"]
[Date "2016.05.31"]
[Round "4.3"]
[Board "5"]
[White "Schlosser, Philipp"]
[Black "Hamitevici, Vladimir"]
[Result "0-1"]
[WhiteTitle "GM"]
[BlackTitle "IM"]
[WhiteElo "2539"]
[BlackElo "2468"]
[WhiteTeam "BISCHWILLER"]
[BlackTeam "VANDOEUVRE Echecs"]
[WhiteFideId "4600169"]
[BlackFideId "13902393"]
[EventDate "2016.05.28"]

1. Nf3 g6 2. e4 Bg7 3. d4 d6 4. Bc4 e6 5. Bb3 Nd7 6. O-O Ne7 7. a4 O-O 8. Re1 b6
9. c3 a6 10. Na3 Bb7 11. Bf4 Nf6 12. Bc2 Nh5 13. Bd2 h6 14. Qe2 e5 15. Rad1 Qe8
16. dxe5 dxe5 17. Nc4 f6 18. g3 Kh7 19. Nh4 Qc6 20. Bc1 Rae8 21. b3 f5 22. Ba3
f4 23. Rd3 Bc8 24. Nf3 Qe6 25. Rd5 fxg3 26. fxg3 Qg4 27. Ncxe5 Bxe5 28. Rxe5
Rxf3 29. Rxe7+ Rxe7 30. Bxe7 Nf4 31. Qd1 Rxg3+ 32. Kh1 Qh3 33. Qd2 Bg4 0-1

[Event "TCh-FRA Top 12 2016"]
[Site "Drancy FRA"]
[Date "2016.05.31"]
[Round "4.3"]
[Board "6"]
[White "Nezar, Mustapha"]
[Black "Le Roux, Jean-Pierre"]
[Result "0-1"]
[WhiteTitle "IM"]
[BlackTitle "GM"]
[WhiteElo "2364"]
[BlackElo "2549"]
[WhiteTeam "VANDOEUVRE Echecs"]
[BlackTeam "BISCHWILLER"]
[WhiteFideId "608637"]
[BlackFideId "609404"]
[EventDate "2016.05.28"]

1. e4 d6 2. d4 Nf6 3. f3 c5 4. d5 g6 5. c4 Bg7 6. Nc3 O-O 7. Nge2 e6 8. Ng3 h5
9. Bg5 Qb6 10. Qd2 Nh7 11. Be3 h4 12. Nge2 Nd7 13. Nf4 Ne5 14. Rc1 Nf6 15. b3 h3
16. Nd3 exd5 17. cxd5 Nfd7 18. Nf2 Nf6 19. Nd3 Nxd3+ 20. Bxd3 hxg2 21. Qxg2 Nh5
22. O-O Qa5 23. Nb5 Qd8 24. Bg5 Bf6 25. f4 a6 26. Nc3 Bxg5 27. Qxg5 Qxg5+ 28.
fxg5 Bh3 29. Rf3 Bg4 30. Rf2 Rae8 31. Bf1 Re5 32. h4 f6 33. gxf6 Rxf6 34. Bg2 b5
35. Rcf1 Kg7 36. Kh2 Bd7 37. Nb1 Rxf2 38. Rxf2 Nf6 39. Rf4 g5 40. hxg5 Ng4+ 41.
Kg3 Rxg5 42. Kh4 Rg6 43. Rf3 Ne5 44. Rg3 Bg4 45. Re3 Kf6 46. Nd2 Bd7 47. Bf3 Rg1
48. a3 Ng6+ 49. Kh5 Rg5+ 50. Kh6 Ne5 51. Bh5 Bg4 0-1

[Event "TCh-FRA Top 12 2016"]
[Site "Drancy FRA"]
[Date "2016.05.31"]
[Round "4.3"]
[Board "7"]
[White "Pelletier, Yannick"]
[Black "Brunner, Nicolas"]
[Result "0-1"]
[WhiteTitle "GM"]
[BlackTitle "IM"]
[WhiteElo "2558"]
[BlackElo "2442"]
[WhiteTeam "BISCHWILLER"]
[BlackTeam "VANDOEUVRE Echecs"]
[WhiteFideId "1301837"]
[BlackFideId "620246"]
[EventDate "2016.05.28"]

1. d4 d5 2. c4 e6 3. Nc3 c6 4. e3 Nf6 5. Nf3 Nbd7 6. Qc2 Bd6 7. Bd3 O-O 8. O-O
dxc4 9. Bxc4 b5 10. Be2 Bb7 11. Rd1 Qc7 12. e4 e5 13. dxe5 Nxe5 14. Nd4 Bc5 15.
Bf4 Bxd4 16. Rxd4 Nf3+ 17. Bxf3 Qxf4 18. Ne2 Qe5 19. Rc1 Rfe8 20. h3 g6 21. Qc5
Qxc5 22. Rxc5 Re7 23. Rc2 a6 24. b4 Rae8 25. Nc3 Rd7 26. Rxd7 Nxd7 27. Rd2 Re7
28. Bg4 Nf6 29. Rd8+ Kg7 30. Bf3 Nd7 31. Bg4 Nf6 32. Bf3 Nd7 33. Kf1 h5 34. h4
Ne5 35. Bd1 Rd7 36. Rb8 Nd3 37. a3 c5 38. bxc5 Nxc5 39. Bf3 Rd3 40. Nd5 Rxa3 41.
Nc7 Bxe4 42. Ne8+ Kh6 43. Bxe4 Nxe4 44. Rb7 Ra1+ 45. Ke2 Ra2+ 46. Ke3 Nxf2 47.
Rxf7 Ng4+ 48. Kd4 Rxg2 49. Ra7 Rd2+ 50. Kc5 Rh2 51. Nd6 Rxh4 52. Rxa6 Rh1 53.
Nf5+ Kg5 54. Ne7 Nf6 55. Re6 h4 56. Re5+ Kh6 57. Re6 Kg7 0-1

[Event "TCh-FRA Top 12 2016"]
[Site "Drancy FRA"]
[Date "2016.05.31"]
[Round "4.3"]
[Board "8"]
[White "Steil-Antoni, Fiona"]
[Black "Maisuradze, Nino"]
[Result "1/2-1/2"]
[WhiteTitle "WIM"]
[BlackTitle "WGM"]
[WhiteElo "2185"]
[BlackElo "2239"]
[WhiteTeam "VANDOEUVRE Echecs"]
[BlackTeam "BISCHWILLER"]
[WhiteFideId "4001249"]
[BlackFideId "13601717"]
[EventDate "2016.05.28"]

1. e4 c5 2. Nc3 e6 3. g3 Nc6 4. Bg2 g6 5. d3 Bg7 6. Be3 d6 7. Qd2 Nd4 8. Nd1 e5
9. c3 Ne6 10. Ne2 Ne7 11. Bh6 O-O 12. Bxg7 Kxg7 13. Ne3 b6 14. O-O Bb7 15. f4 f6
16. f5 Nc7 17. fxg6 hxg6 18. d4 cxd4 19. cxd4 Ba6 20. Rf2 Bxe2 21. Rxe2 Ne6 22.
Nc2 Rc8 23. d5 Rxc2 24. Qxc2 Nd4 25. Qd2 Nxe2+ 26. Qxe2 Qc8 27. Rf1 Qc5+ 28. Kh1
Rh8 29. Qa6 Qc7 30. Rf3 Qc1+ 31. Rf1 Qc7 32. Rf3 Qc1+ 33. Rf1 Qc7 1/2-1/2

[Event "TCh-FRA Top 12 2016"]
[Site "Drancy FRA"]
[Date "2016.05.31"]
[Round "4.4"]
[Board "1"]
[White "Fedorchuk, Sergey A."]
[Black "Kovalenko, Igor"]
[Result "0-1"]
[WhiteTitle "GM"]
[BlackTitle "GM"]
[WhiteElo "2626"]
[BlackElo "2644"]
[WhiteTeam "EVRY Grand Roque"]
[BlackTeam "Les Tours de Haute Picardie, SAINT QUENTIN"]
[WhiteFideId "14102536"]
[BlackFideId "14117908"]
[EventDate "2016.05.28"]

1. e4 e5 2. Bc4 Nf6 3. d3 Nc6 4. a3 d5 5. exd5 Nxd5 6. Nf3 Nb6 7. Ba2 Bg4 8. h3
Bh5 9. Nc3 Qd7 10. Nxe5 Qf5 11. Ng4 O-O-O 12. Ne4 Qd7 13. Ng3 Bg6 14. O-O h5 15.
Ne3 h4 16. Ne4 Bh5 17. Qd2 Rh6 18. f4 f5 19. Ng5 Nd4 20. Rf2 Bd6 21. Kh1 Re8 22.
Qa5 Rf6 23. Bd2 Ne2 24. Nd5 Nxd5 25. Bxd5 Kb8 26. Bf3 Bxf3 27. Nxf3 Nxf4 28. Bc3
Rfe6 29. Nxh4 g6 30. Nf3 Qh7 31. Bd4 b6 32. Qd2 Re2 33. Re1 Rxe1+ 34. Nxe1 Nxh3
35. gxh3 Qxh3+ 36. Kg1 Qg4+ 37. Kf1 Qxd4 38. c3 Qh4 39. Rg2 Bg3 0-1

[Event "TCh-FRA Top 12 2016"]
[Site "Drancy FRA"]
[Date "2016.05.31"]
[Round "4.4"]
[Board "2"]
[White "Neiksans, Arturs"]
[Black "Relange, Eloi"]
[Result "1-0"]
[WhiteTitle "GM"]
[BlackTitle "GM"]
[WhiteElo "2627"]
[BlackElo "2464"]
[WhiteTeam "Les Tours de Haute Picardie, SAINT QUENTIN"]
[BlackTeam "EVRY Grand Roque"]
[WhiteFideId "11601388"]
[BlackFideId "600822"]
[EventDate "2016.05.28"]

1. e4 c5 2. Nf3 d6 3. Bb5+ Nd7 4. c4 Nf6 5. Nc3 g6 6. d4 cxd4 7. Qxd4 Bg7 8.
Bxd7+ Bxd7 9. O-O O-O 10. Qd3 Bc6 11. Nd4 Nd7 12. Be3 Nc5 13. Qc2 Ne6 14. Nxe6
fxe6 15. Ne2 Qa5 16. Nd4 Qe5 17. f3 Rfc8 18. Qb3 Rab8 19. Rac1 Bd7 20. Rfd1 a6
21. Qb6 Be8 22. b3 Bf7 23. Ne2 Rc6 24. Qb4 b6 25. Qd2 Qa5 26. a4 Qxd2 27. Rxd2
Rcc8 28. Kf2 Bf6 29. g3 g5 30. g4 h5 31. gxh5 Kh7 32. Rg1 Rg8 33. Ng3 Be5 34.
Ne2 Bf6 35. Rg3 b5 36. cxb5 axb5 37. a5 b4 38. a6 d5 39. a7 Rb7 40. h4 Bxh5 41.
hxg5 1-0

[Event "TCh-FRA Top 12 2016"]
[Site "Drancy FRA"]
[Date "2016.05.31"]
[Round "4.4"]
[Board "4"]
[White "David, Alberto"]
[Black "Justo, Damian"]
[Result "1/2-1/2"]
[WhiteTitle "GM"]
[BlackTitle "FM"]
[WhiteElo "2571"]
[BlackElo "2325"]
[WhiteTeam "Les Tours de Haute Picardie, SAINT QUENTIN"]
[BlackTeam "EVRY Grand Roque"]
[WhiteFideId "4000013"]
[BlackFideId "101168"]
[EventDate "2016.05.28"]

1. d4 Nf6 2. c4 c5 3. d5 e5 4. Nc3 d6 5. e4 Be7 6. Nf3 Nbd7 7. h3 a6 8. a3 Nf8
9. Bd3 Ng6 10. g3 O-O 11. a4 b6 12. h4 Bg4 13. Be2 Re8 14. Nd2 Bd7 15. Nf1 Qc8
16. Ne3 Bd8 17. Bd2 Rf8 18. Bd3 Ne7 19. Qf3 Ne8 20. Nf5 g6 21. Nh6+ Kg7 22. h5
Nf6 23. Be2 Neg8 24. Nxg8 Kxg8 25. Bh6 Nxh5 26. Rxh5 gxh5 27. Qxh5 Be7 28. Bxf8
Bxf8 29. Kd2 h6 30. Rh1 Qd8 31. Bg4 Be8 32. Bf5 Bg7 33. Qg4 Kf8 34. Ra1 Rb8 35.
Qe2 Qc7 36. Ra3 Qd8 37. Kc2 Qg5 38. Ra1 Qd8 39. Bh3 Qc7 40. Kd1 Qd8 41. Ke1 Qg5
42. Qg4 Qd8 43. Kf1 Qf6 44. Kg1 Qg6 45. Qe2 h5 46. Kg2 h4 47. Bf5 Qg5 48. Kh3
hxg3 49. fxg3 Ke7 50. Rf1 Bh6 51. Qf3 Qe3 52. Qg4 Qd2 53. Be6 Qg5 54. Bf5 Qd2
55. Rd1 Qe3 56. Kg2 b5 57. axb5 axb5 58. cxb5 Bxb5 59. Nxb5 Rxb5 60. Ra1 Rxb2+
61. Kh3 c4 62. Qh4+ Qg5 63. Ra7+ Kf8 64. Rc7 Rc2 65. Bg4 c3 66. Bh5 Rc1 67. Qxg5
Bxg5 68. Rxf7+ Kg8 69. Rc7 Be3 70. Kg4 c2 71. Rc4 Kf8 72. Bg6 Ke7 73. Bf5 Kf6
74. Bd7 Bf4 75. Ba4 Rg1 76. Rxc2 Rxg3+ 77. Kh4 Re3 78. Rc6 Bg5+ 79. Kh5 Rh3+ 80.
Kg4 Rh4+ 81. Kg3 Rxe4 82. Rxd6+ Kg7 83. Bc2 Bh4+ 84. Kh3 Rd4 85. Rg6+ Kf7 86.
Rb6 Be7 87. Bb3 Kg7 88. Kg3 Kf8 89. Kf3 Bc5 90. Rf6+ Kg7 91. Rc6 Be7 92. Bc4 Kf8
93. Ke2 Kg7 94. Bb3 Re4+ 95. Kd3 Rd4+ 96. Ke2 Re4+ 97. Kf3 Rf4+ 98. Ke2 Re4+ 99.
Kd3 Rd4+ 100. Ke2 Re4+ 101. Kd3 Rd4+ 102. Ke2 Re4+ 103. Kd2 Rd4+ 1/2-1/2

[Event "TCh-FRA Top 12 2016"]
[Site "Drancy FRA"]
[Date "2016.05.31"]
[Round "4.4"]
[Board "5"]
[White "Bergez, Luc"]
[Black "Kveinys, Aloyzas"]
[Result "1/2-1/2"]
[WhiteTitle "IM"]
[BlackTitle "GM"]
[WhiteElo "2342"]
[BlackElo "2539"]
[WhiteTeam "EVRY Grand Roque"]
[BlackTeam "Les Tours de Haute Picardie, SAINT QUENTIN"]
[WhiteFideId "606600"]
[BlackFideId "12800040"]
[EventDate "2016.05.28"]

1. e4 c5 2. Nf3 e6 3. c3 Nf6 4. e5 Nd5 5. d4 cxd4 6. cxd4 d6 7. a3 Bd7 8. Bd3
Bc6 9. O-O Nd7 10. Qe2 dxe5 11. dxe5 Nc5 12. Bc2 a6 13. Rd1 Bb5 14. Qe1 Ba4 15.
Bxa4+ Nxa4 16. Nbd2 Be7 17. Ne4 O-O 18. b3 Nc5 19. Nxc5 1/2-1/2

[Event "TCh-FRA Top 12 2016"]
[Site "Drancy FRA"]
[Date "2016.05.31"]
[Round "4.4"]
[Board "6"]
[White "Degraeve, Jean-Marc"]
[Black "Leroy, Didier"]
[Result "1-0"]
[WhiteTitle "GM"]
[BlackTitle "IM"]
[WhiteElo "2561"]
[BlackElo "2289"]
[WhiteTeam "Les Tours de Haute Picardie, SAINT QUENTIN"]
[BlackTeam "EVRY Grand Roque"]
[WhiteFideId "600270"]
[BlackFideId "610950"]
[EventDate "2016.05.28"]

1. d4 Nf6 2. c4 e6 3. Nc3 d5 4. cxd5 Nxd5 5. e4 Nxc3 6. bxc3 c5 7. Rb1 Qa5 8.
Bd2 Qxa2 9. Nf3 Bd6 10. Bd3 c4 11. Ra1 Qb3 12. Bc2 Qb6 13. e5 Be7 14. Ng5 Bxg5
15. Bxg5 Bd7 16. O-O Bc6 17. Qg4 h5 18. Qg3 Bd5 19. Bc1 Nc6 20. Ba3 O-O-O 21.
Rfb1 Qc7 22. Bd6 h4 23. Qf4 Rxd6 24. exd6 Qd7 25. Rb5 g6 26. Be4 Rh5 27. h3 b6
28. Bxd5 exd5 29. Re1 Rf5 30. Qxh4 Qxd6 31. Rb2 Kb7 32. Rbe2 Rh5 33. Qg4 f5 34.
Qf3 Rh4 35. Re6 Qd7 36. Rxg6 Re4 37. Rxe4 dxe4 38. Qg3 Ka6 39. h4 Kb5 40. h5 a5
41. h6 a4 42. h7 1-0

[Event "TCh-FRA Top 12 2016"]
[Site "Drancy FRA"]
[Date "2016.05.31"]
[Round "4.4"]
[Board "7"]
[White "Milliet, Sophie"]
[Black "Lazarev, Vladimir"]
[Result "1-0"]
[WhiteTitle "IM"]
[BlackTitle "GM"]
[WhiteElo "2346"]
[BlackElo "2378"]
[WhiteTeam "EVRY Grand Roque"]
[BlackTeam "Les Tours de Haute Picardie, SAINT QUENTIN"]
[WhiteFideId "623725"]
[BlackFideId "4113250"]
[EventDate "2016.05.28"]

1. e4 c5 2. Nf3 e6 3. d4 cxd4 4. Nxd4 a6 5. Nc3 Ne7 6. Bd3 Nec6 7. Nb3 d6 8. O-O
Be7 9. f4 b5 10. Be3 Nd7 11. Qf3 Bb7 12. e5 Qc7 13. exd6 Bxd6 14. Ne4 Be7 15. f5
exf5 16. Qxf5 Nce5 17. Kh1 g6 18. Qf4 O-O 19. Qg3 f5 20. Ng5 Qd6 21. Bf4 Qf6 22.
Qh3 h5 23. Rae1 Rae8 24. Qg3 Bd8 25. h4 Nxd3 26. cxd3 Re7 27. Rxe7 Bxe7 28. Re1
Bd5 29. Rc1 Rd8 30. d4 Re8 31. Rc7 Nf8 32. Be5 Qb6 33. Nc5 Bf6 34. Nd7 Bxe5 35.
dxe5 Qxc7 36. Nf6+ Kh8 37. Nxe8 Qc1+ 38. Kh2 Qxb2 39. Nh3 Nd7 40. Nf4 Bf7 41. e6
Bxe6 42. Nxe6 Ne5 43. Nf6 b4 44. Qf4 Nf3+ 45. Qxf3 Qxf6 46. Qa8+ Kh7 47. Ng5+
Kg7 48. Qb7+ Kg8 49. Qd5+ Kg7 50. Qb7+ Kg8 51. Qxb4 Qe5+ 52. Kh3 1-0

[Event "TCh-FRA Top 12 2016"]
[Site "Drancy FRA"]
[Date "2016.05.31"]
[Round "4.4"]
[Board "8"]
[White "Leconte, Maria"]
[Black "Ben Khelifa, Noomene"]
[Result "1-0"]
[WhiteTitle "WGM"]
[WhiteElo "2217"]
[BlackElo "2066"]
[WhiteTeam "Les Tours de Haute Picardie, SAINT QUENTIN"]
[BlackTeam "EVRY Grand Roque"]
[WhiteFideId "618446"]
[BlackFideId "641995"]
[EventDate "2016.05.28"]

1. e4 c5 2. Nf3 d6 3. d4 cxd4 4. Nxd4 Nf6 5. Nc3 a6 6. g3 e5 7. Nb3 Be6 8. Bg2
Be7 9. O-O O-O 10. Nd5 Nxd5 11. exd5 Bf5 12. Be3 Qc8 13. c4 Qxc4 14. Rc1 Qb5 15.
f4 f6 16. fxe5 fxe5 17. g4 Bd7 18. Rxf8+ Bxf8 19. Be4 a5 20. Qf3 Be7 21. Rf1 Be8
22. Qf5 Bf6 23. Qxh7+ Kf7 24. Rxf6+ Kxf6 25. Qf5+ 1-0

[Event "TCh-FRA Top 12 2016"]
[Site "Drancy FRA"]
[Date "2016.05.31"]
[Round "4.5"]
[Board "1"]
[White "Vachier-Lagrave, Maxime"]
[Black "Stevic, Hrvoje"]
[Result "1-0"]
[WhiteTitle "GM"]
[BlackTitle "GM"]
[WhiteElo "2788"]
[BlackElo "2607"]
[WhiteTeam "CLICHY Echecs 92"]
[BlackTeam "NICE Alekhine"]
[WhiteFideId "623539"]
[BlackFideId "14502569"]
[EventDate "2016.05.28"]

1. e4 e5 2. Nf3 Nc6 3. Bb5 a6 4. Ba4 Nf6 5. O-O b5 6. Bb3 Bb7 7. Nc3 Be7 8. d3
O-O 9. a3 d6 10. Re1 Qd7 11. Ne2 Nd8 12. Ng3 Ne6 13. c3 c5 14. d4 c4 15. Bc2 Qc7
16. Nf5 Rfe8 17. Nxe7+ Qxe7 18. Nh4 g6 19. d5 Nf4 20. g3 Nh3+ 21. Kg2 Bc8 22. a4
Bd7 23. f3 Nh5 24. Be3 N3f4+ 25. Kh1 bxa4 26. Bxa4 Nd3 27. Re2 Reb8 28. b4 Bb5
29. Rea2 Qb7 30. Kg1 Nf6 31. Bc2 Qc8 32. Ng2 Rb7 33. Ne1 Nxe1 34. Qxe1 Ne8 35.
f4 f6 36. Qf2 Rf7 37. f5 Nc7 38. Qf3 Qd7 39. h4 gxf5 40. exf5 Kh8 41. Be4 Rg8
42. g4 Qc8 43. Rg2 Bd7 44. Rf1 Qf8 45. g5 fxg5 46. hxg5 Nxd5 47. Bxd5 Rxf5 48.
Qe2 Rxf1+ 49. Qxf1 Qxf1+ 50. Kxf1 Bh3 51. Bxg8 Kxg8 52. Kg1 Bxg2 53. Kxg2 Kf7
54. Kf3 d5 55. Kg4 Kg6 56. Bf2 1-0

[Event "TCh-FRA Top 12 2016"]
[Site "Drancy FRA"]
[Date "2016.05.31"]
[Round "4.5"]
[Board "3"]
[White "Hammer, Jon Ludvig"]
[Black "Rambaldi, Francesco"]
[Result "1/2-1/2"]
[WhiteTitle "GM"]
[BlackTitle "GM"]
[WhiteElo "2689"]
[BlackElo "2554"]
[WhiteTeam "CLICHY Echecs 92"]
[BlackTeam "NICE Alekhine"]
[WhiteFideId "1503707"]
[BlackFideId "20657307"]
[EventDate "2016.05.28"]

1. c4 g6 2. g3 Bg7 3. Bg2 c5 4. e3 Nc6 5. Ne2 e5 6. Nbc3 Nge7 7. a3 O-O 8. O-O
a5 9. d3 d6 10. Bd2 Rb8 11. Rb1 Be6 12. Nd5 b5 13. b3 b4 14. Ra1 Bf5 15. Nxe7+
Nxe7 16. axb4 axb4 17. Bc1 Qd7 18. Ra6 d5 19. e4 Qb7 20. Rd6 Qc7 21. Ra6 dxe4
22. dxe4 Rfd8 23. Qc2 Bg4 24. Be3 Bxe2 25. Qxe2 Bf8 26. Bg5 Rd6 27. Rxd6 Qxd6
28. Rd1 Qe6 29. Qf1 Qa6 30. Ra1 Qd6 31. Rd1 Qa6 32. Ra1 Qd6 1/2-1/2

[Event "TCh-FRA Top 12 2016"]
[Site "Drancy FRA"]
[Date "2016.05.31"]
[Round "4.5"]
[Board "4"]
[White "Sulava, Nenad"]
[Black "Tkachiev, Vladislav"]
[Result "0-1"]
[WhiteTitle "GM"]
[BlackTitle "GM"]
[WhiteElo "2416"]
[BlackElo "2660"]
[WhiteTeam "NICE Alekhine"]
[BlackTeam "CLICHY Echecs 92"]
[WhiteFideId "14500205"]
[BlackFideId "618438"]
[EventDate "2016.05.28"]

1. d4 Nf6 2. Nf3 e6 3. Bg5 c5 4. e3 cxd4 5. exd4 Be7 6. Bd3 b6 7. O-O Bb7 8. c4
h6 9. Bxf6 Bxf6 10. Nc3 O-O 11. Re1 Re8 12. Rc1 Na6 13. Ne4 Be7 14. Ng3 Nc7 15.
Bb1 d6 16. Rc3 g6 17. a3 Bf6 18. Qd2 Bg7 19. Rce3 b5 20. b3 bxc4 21. bxc4 Rc8
22. Rb3 Ba8 23. Rd1 Na6 24. Rc1 e5 25. d5 Nc5 26. Re3 h5 27. Ree1 Nb3 28. Qe3
Nxc1 29. Rxc1 Qb6 30. Qg5 Rxc4 31. Rxc4 Qxb1+ 32. Rc1 Qd3 33. Nh4 Kh7 34. Nxh5
Rc8 35. Rf1 Bxd5 36. Nf6+ Bxf6 37. Qxf6 Rc4 38. Nf3 Qf5 39. Ng5+ Kg8 40. Qxd6
Bxg2 41. Ne6 fxe6 42. Qd1 0-1

[Event "TCh-FRA Top 12 2016"]
[Site "Drancy FRA"]
[Date "2016.05.31"]
[Round "4.5"]
[Board "5"]
[White "Tregubov, Pavel V."]
[Black "Barseghyan, Harutyun"]
[Result "1-0"]
[WhiteTitle "GM"]
[WhiteElo "2593"]
[BlackElo "2380"]
[WhiteTeam "CLICHY Echecs 92"]
[BlackTeam "NICE Alekhine"]
[WhiteFideId "4115341"]
[BlackFideId "13304585"]
[EventDate "2016.05.28"]

1. d4 d5 2. c4 dxc4 3. Nf3 Nf6 4. e3 a6 5. Bxc4 e6 6. O-O Nbd7 7. a4 c5 8. Nc3
Qc7 9. Qe2 Bd6 10. h3 b6 11. dxc5 bxc5 12. e4 Bb7 13. Bg5 Bf4 14. Bxf4 Qxf4 15.
Rfe1 O-O 16. Qd2 Qxd2 17. Nxd2 Ne5 18. Bf1 Rfc8 19. f4 Nc6 20. Nc4 Rc7 21. Kf2
Nd4 22. Rac1 Rb8 23. g4 Bc6 24. g5 Nd7 25. Kg3 h6 26. h4 Rb4 27. Re3 Bxa4 28.
Nxa4 Rxa4 29. b3 Ra2 30. Nd6 Rc6 31. e5 Rb2 32. Rcc3 Nb6 33. Bg2 Nd5 34. Bxd5
exd5 35. Kg4 Nb5 36. Nxb5 axb5 37. Red3 b4 38. Rc1 c4 39. Rxd5 Rxb3 40. Rd8+ Kh7
41. f5 h5+ 42. Kxh5 Rg3 43. Rd7 Rc8 44. Rxf7 b3 45. g6+ Kg8 46. Rb7 Rf8 47. f6
gxf6 48. Rxc4 b2 49. Rcc7 Re8 50. exf6 1-0